000
00372nam a22001577a 4500
003
MPLRDC
005
20220104144124.0
008
210129b ||||| |||| 00| 0 eng d
082
_a
322.1 QHY
100
_a
丘宏义,陈明诚等著
245
_a
如何自制天文仪器
_c
260
_a
_b
科学出版社
_c
300
_b
平
650
_a
942
_c
BK
_o
322.1 QHY
999
_c
46569
_d
46559